| 000 | 00519nam a2200169Ia 4500 | ||
|---|---|---|---|
| 005 | 20250923144621.0 | ||
| 008 | 008 250917s9999 xx 000 0 eng d | ||
| 037 | _aTextual | ||
| 040 |
_aDSWL _beng _cDSWL |
||
| 041 |
_aeng _2eng |
||
| 084 |
_aX:9h4:N19r, H9 _qDSWL |
||
| 245 | 0 |
_aReport of the director General _cby International Labour Conference |
|
| 260 |
_aGeneva _b Geneva International Labours Office _c1949 |
||
| 300 | _a154p. | ||
| 942 |
_cTEXL _hX:9h4:N19r, H9 |
||
| 999 |
_c1441219 _d1441219 |
||